000 00300 a2200145 4500
001 166662
020 _a
040 _cMagnum
100 _aSalvador, Cesar Coll
240 1 0 _aPsicologia do ensino
_lpor
245 1 0 _aPsicologia do ensino
362 0 _a1899
697 _aPSICOLOGIA
942 _cBK
999 _c166662
_d166662